[Event "AUTO-MASTER-2514"]
[Site "http://www.queenalice.com/game.php?id=1442203"]
[Date "2016.9.21"]
[Round "1"]
[White "dorjon"]
[Black "roberval"]
[Result "1/2-1/2"]
[WhiteElo "2151"]
[BlackElo "2096"]

1. d4 d5 2. Nf3 Nf6 3. c4 dxc4 4. Nc3 a6 5. a4 e6 6. e4 c5 7. Bxc4 cxd4 8. Nxd4
e5 9. Nf3 Qxd1+ 10. Nxd1 Bb4+ 11. Bd2 Nc6 12. O-O Nxe4 13. Bxb4 Nxb4 14. Ne3 Nc6
15. Nd5 O-O 16. Nb6 Rb8 17. h3 Nd6 18. Bd5 Re8 19. Rac1 e4 20. Nh2 Nd8 21. Nxc8
Rxc8 22. Ng4 Kf8 23. Rxc8 Nxc8 24. Ne3 Nb6 25. Bb3 Ne6 26. a5 Nc5 27. Bc2 Nc8
28. Rd1 g6 29. Rd5 Ne6 30. g3 f5 31. Ba4 Rd8 32. Bb3 Rxd5 33. Bxd5 Nd8 34. f3
exf3 35. Bxf3 Ne7 36. Kf2 Ndc6 37. Nc4 Kg7 38. Ke3 Kf6 39. h4 h6 40. b3 g5 41.
hxg5+ hxg5 42. Kd3 Ng6 43. Bxc6 bxc6 44. Kd4 f4 45. gxf4 Nxf4 46. Kc5 g4 47.
Kxc6 g3 48. Nd2 g2 49. Nf3 Ne2 50. Kb6 Nd4 51. Ng1 Nxb3 52. Kxa6 Kf5 53. Kb6
Nxa5 54. Kxa5 Kg4 1/2-1/2

[Event "AUTO-MASTER-2514"]
[Site "http://www.queenalice.com/game.php?id=1442204"]
[Date "2016.9.21"]
[Round "1"]
[White "roberval"]
[Black "MarcosT"]
[Result "1-0"]
[WhiteElo "2161"]
[BlackElo "1969"]

1. e4 d6 2. d4 Nf6 3. f3 e5 4. dxe5 dxe5 5. Qxd8+ Kxd8 6. Bg5 Be7 7. Bc4 Nc6 8.
Bxf7 Nd4 9. Bb3 Be6 10. Bxe6 Nxc2+ 11. Kd2 Nxa1 12. Nc3 c6 13. Nh3 h6 14. Be3
Kc7 15. Rxa1 Rad8+ 16. Kc2 Bb4 17. Nf2 Bxc3 18. bxc3 Rd6 19. Bb3 Nh5 20. Nd3
Rhd8 21. Nxe5 Rf8 22. Nd3 g5 23. Bd4 Kc8 24. Bc5 Rdd8 25. Bxf8 Rxf8 26. Rd1 1-0

[Event "AUTO-MASTER-2514"]
[Site "http://www.queenalice.com/game.php?id=1442205"]
[Date "2016.9.21"]
[Round "1"]
[White "MarcosT"]
[Black "roberval"]
[Result "1-0"]
[WhiteElo "1953"]
[BlackElo "2124"]

1. e4 c5 2. Nc3 Nc6 3. Bb5 Nd4 4. Bc4 e6 5. Nf3 d6 6. O-O Nf6 7. Re1 Nxf3+ 8.
Qxf3 a6 9. a4 Qc7 10. d3 Be7 11. Bg5 O-O 12. Bh4 Bd7 13. Bg3 Bc6 14. Rad1 Rfd8
15. d4 b6 16. dxc5 bxc5 17. Ba2 Qb7 18. Qe2 Qxb2 19. Qd2 Nxe4 20. Nxe4 Qxa2 21.
Ra1 Qd5 22. Qxd5 Bxd5 23. Rad1 Bc6 24. Nxd6 Bxa4 25. Rd2 Rd7 26. Nc4 Rxd2 27.
Nxd2 Bxc2 28. Nc4 a5 29. h3 a4 30. Rc1 Bb3 31. Nb6 Rd8 32. Kh2 Rd1 33. Rxd1 Bxd1
34. Nc8 1-0

[Event "AUTO-MASTER-2514"]
[Site "http://www.queenalice.com/game.php?id=1442206"]
[Date "2016.9.21"]
[Round "1"]
[White "roberval"]
[Black "Alexandrovinsk"]
[Result "0-1"]
[WhiteElo "2001"]
[BlackElo "2116"]

1. e4 e5 2. Nf3 Nf6 3. Nxe5 d6 4. Nxf7 Kxf7 5. d4 Be7 6. Nc3 Rf8 7. Bc4+ Ke8 8.
Qe2 c6 9. e5 dxe5 10. dxe5 Nd5 11. Qh5+ Rf7 12. Qxh7 Be6 13. Qg8+ Bf8 14. Ne4
Kd7 15. Qh7 Be7 16. O-O Kc8 17. Be3 Bf5 18. Qh5 g6 19. Qf3 Rf8 20. Nd6+ Bxd6 21.
Bxd5 Bxe5 22. Be4 Bxh2+ 0-1

[Event "AUTO-MASTER-2514"]
[Site "http://www.queenalice.com/game.php?id=1442207"]
[Date "2016.9.21"]
[Round "1"]
[White "Alexandrovinsk"]
[Black "roberval"]
[Result "1-0"]
[WhiteElo "2125"]
[BlackElo "1990"]

1. e4 c5 2. Nf3 Nc6 3. Nc3 g6 4. g3 Bg7 5. Bg2 d6 6. O-O Nf6 7. d3 O-O 8. h3 Rb8
9. Rb1 b5 10. Ne2 Be6 11. c3 a5 12. Ng5 Bxa2 13. Ra1 Be6 14. Nxe6 fxe6 15. Qb3
Qd7 16. Nf4 Kf7 17. h4 a4 18. Qa2 Na5 19. Bh3 Qb7 20. Bxe6+ Ke8 21. Be3 1-0

[Event "AUTO-MASTER-2518"]
[Site "http://www.queenalice.com/game.php?id=1444122"]
[Date "2016.10.4"]
[Round "1"]
[White "Redtom"]
[Black "roberval"]
[Result "1-0"]
[WhiteElo "2012"]
[BlackElo "2040"]

1. e4 c5 2. Nc3 Nc6 3. f4 d6 4. Nf3 e6 5. Bb5 Ne7 6. d4 cxd4 7. Qxd4 a6 8. Bxc6+
bxc6 9. O-O c5 10. Qd3 Nc6 11. f5 Nb4 12. Qe2 Be7 13. a3 Nc6 14. fxe6 fxe6 15.
Be3 O-O 16. Rad1 Qc7 17. b3 Bf6 18. Qd2 Rd8 19. Ne2 Ne5 20. Nxe5 1-0

[Event "AUTO-MASTER-2518"]
[Site "http://www.queenalice.com/game.php?id=1444123"]
[Date "2016.10.4"]
[Round "1"]
[White "roberval"]
[Black "Redtom"]
[Result "0-1"]
[WhiteElo "2023"]
[BlackElo "2029"]

1. e4 d5 2. exd5 Nf6 3. Bb5+ Bd7 4. Bc4 Bg4 5. f3 Bf5 6. Nc3 c6 7. dxc6 Nxc6 8.
d3 e5 9. Be3 Bb4 10. Ne2 Nd4 11. O-O O-O 12. a3 Bc5 13. Ne4 Nxe2+ 14. Qxe2 Bxe3+
15. Qxe3 Qc7 16. Nxf6+ gxf6 17. f4 Be6 18. Rf3 Bxc4 19. dxc4 Rfe8 0-1

[Event "AUTO-MASTER-2518"]
[Site "http://www.queenalice.com/game.php?id=1444138"]
[Date "2016.10.4"]
[Round "1"]
[White "roberval"]
[Black "cerenzo72"]
[Result "0-1"]
[WhiteElo "2007"]
[BlackElo "2253"]

1. e4 c5 2. Nc3 Nc6 3. f4 e6 4. Nf3 Nge7 5. d3 g6 6. g3 d6 7. Bg2 Bg7 8. O-O O-O
9. Be3 Nd4 10. Qd2 b6 11. Nd1 Bb7 12. c3 Nxf3+ 13. Bxf3 Bc6 14. Qg2 Rc8 15. Nf2
d5 16. g4 f5 17. e5 d4 18. Bd2 Bxf3 19. Qxf3 fxg4 20. Qxg4 Nf5 21. c4 Qd7 22.
Rae1 b5 23. b3 bxc4 24. bxc4 Qa4 25. Ra1 Qc2 26. Qd1 Qb2 27. Ne4 Ne3 28. Bxe3
dxe3 29. Qe1 e2 30. Rf2 Qd4 31. Qc3 Qxc3 32. Nxc3 Rcd8 0-1

[Event "AUTO-MASTER-2518"]
[Site "http://www.queenalice.com/game.php?id=1444139"]
[Date "2016.10.4"]
[Round "1"]
[White "cerenzo72"]
[Black "roberval"]
[Result "1-0"]
[WhiteElo "2239"]
[BlackElo "1997"]

1. c4 e5 2. Nc3 Nc6 3. Nf3 f5 4. d3 Nf6 5. Bg5 Be7 6. e3 O-O 7. g3 d6 8. Bg2 Be6
9. O-O h6 10. Bxf6 Bxf6 11. b3 e4 12. Nd4 Nxd4 13. exd4 Bxd4 14. Qe1 Qf6 15. Rc1
exd3 16. Bxb7 f4 17. Bxa8 fxg3 18. Qxe6+ Qxe6 19. Bd5 gxf2+ 20. Kg2 Rf6 21. Ne4
Rg6+ 22. Kh1 Qxd5 23. cxd5 Rg1+ 24. Rxg1 fxg1=R+ 25. Rxg1 Bxg1 26. Kxg1 g5 27.
Kf2 Kg7 28. Ke3 d2 29. Nxd2 Kf6 30. Ke4 h5 31. h3 g4 32. hxg4 h4 33. Nf3 h3 34.
Kf4 1-0

[Event "AUTO-MASTER-2518"]
[Site "http://www.queenalice.com/game.php?id=1444140"]
[Date "2016.10.4"]
[Round "1"]
[White "roberval"]
[Black "KLEOJ"]
[Result "0-1"]
[WhiteElo "1975"]
[BlackElo "2196"]

1. e4 Nc6 2. d4 d5 3. e5 Bf5 4. c3 e6 5. Bd3 Nge7 6. Na3 Bxd3 7. Qxd3 Ng6 8. Nc2
Be7 9. f4 O-O 10. Nf3 Na5 11. b4 Nc4 12. a4 a5 13. b5 c6 14. bxc6 bxc6 15. Ne3
Nxf4 16. Qc2 Nb6 17. Ba3 Bxa3 18. Rxa3 Qe7 19. Rb3 Nc4 20. Nxc4 dxc4 21. Rb6
Nd3+ 22. Ke2 c5 23. Rhb1 f6 24. exf6 Qxf6 25. Qd2 Qg6 26. Qg5 Rxf3 27. Rb8+ Rf8
0-1

[Event "AUTO-MASTER-2518"]
[Site "http://www.queenalice.com/game.php?id=1444141"]
[Date "2016.10.4"]
[Round "1"]
[White "KLEOJ"]
[Black "roberval"]
[Result "0-1"]
[WhiteElo "2220"]
[BlackElo "1968"]

1. Nc3 e5 2. Nf3 Nc6 3. d4 exd4 4. Nxd4 Nf6 5. Bg5 Bb4 6. Nxc6 bxc6 7. e4 Be7 8.
Be2 O-O 9. O-O d6 10. Bd3 h6 11. Bh4 Ng4 12. Bxe7 Qxe7 13. Be2 Qh4 14. h3 Nf6
15. Qd4 d5 16. Qc5 Nxe4 17. Nxe4 Qxe4 18. Bd3 Qe6 19. Rfe1 Qd6 20. Qe3 c5 21.
Rad1 Bd7 22. Qf3 Rfe8 23. c4 d4 24. Be4 Rab8 25. Bd5 Be6 26. Bc6 Bd7 27. Bd5 Be6
28. Bc6 Bd7 29. Rxe8+ Rxe8 30. Bxd7 Qxd7 31. Qb7 Qa4 32. b3 Qxa2 33. Qb5 Qe2 34.
Rf1 d3 35. Qxc5 d2 36. Qd4 Qxf1+ 0-1

[Event "AUTO-MASTER-2520"]
[Site "http://www.queenalice.com/game.php?id=1445294"]
[Date "2016.10.11"]
[Round "1"]
[White "josebaron"]
[Black "roberval"]
[Result "1-0"]
[WhiteElo "1932"]
[BlackElo "2082"]

1. e4 d5 2. exd5 Qxd5 3. d4 e5 4. Nc3 Bb4 5. a3 Bxc3+ 6. bxc3 Nc6 7. Nf3 Bg4 8.
Be2 e4 9. Ne5 Bxe2 10. Qxe2 Nxe5 11. dxe5 Qxe5 12. Bb2 Nf6 13. O-O O-O 14. h3
Nd5 15. c4 Nf4 16. Bxe5 Nxe2+ 17. Kh1 f6 18. Bxc7 Rfc8 19. Rfe1 Rxc7 20. Rxe2
Rxc4 21. a4 1-0

[Event "AUTO-MASTER-2520"]
[Site "http://www.queenalice.com/game.php?id=1445295"]
[Date "2016.10.11"]
[Round "1"]
[White "roberval"]
[Black "josebaron"]
[Result "0-1"]
[WhiteElo "2060"]
[BlackElo "1954"]

1. e4 e5 2. Nf3 d6 3. d4 exd4 4. Nxd4 Nf6 5. Nc3 Be7 6. Bc4 O-O 7. Bf4 a6 8. O-O
Nc6 9. Nxc6 bxc6 10. e5 dxe5 11. Qxd8 Rxd8 12. Bxe5 Be6 13. Bxe6 fxe6 14. Rad1
Rxd1 15. Rxd1 Rd8 16. Bxc7 Rxd1+ 17. Nxd1 Nd5 18. Ba5 c5 19. c4 Nb4 20. Bxb4
cxb4 0-1

[Event "AUTO-MASTER-2481"]
[Site "http://www.queenalice.com/game.php?id=1472568"]
[Date "2017.4.9"]
[Round "2"]
[White "roberval"]
[Black "clovis"]
[Result "1-0"]
[WhiteElo "2018"]
[BlackElo "2041"]

1. e4 e5 2. Nf3 Nc6 3. d4 exd4 4. Nxd4 Bc5 5. Be3 Bxd4 6. Bxd4 Nf6 7. Nc3 O-O 8.
Be3 Re8 9. Bd3 d6 10. O-O Ng4 11. Bf4 Nce5 12. Be2 Qh4 13. Bg3 Qh6 14. Nd5 Rd8
15. Ne7+ Kf8 16. Nxc8 1-0

[Event "AUTO-MASTER-2481"]
[Site "http://www.queenalice.com/game.php?id=1472569"]
[Date "2017.4.9"]
[Round "2"]
[White "clovis"]
[Black "roberval"]
[Result "0-1"]
[WhiteElo "2035"]
[BlackElo "2081"]

1. e4 c5 2. Nf3 d6 3. d4 cxd4 4. Qxd4 Nc6 5. Bb5 Bd7 6. Qd3 Nf6 7. O-O e6 8. Nc3
Qc7 9. Bg5 Be7 10. Rad1 a6 11. Ba4 Rc8 12. Bxf6 gxf6 13. Nd4 O-O 14. Nxc6 Bxc6
15. Bb3 Kh8 16. Kh1 Rg8 17. Qh3 Rg7 18. f4 f5 19. Rd4 Bf6 20. Rd2 fxe4 21. f5
Bxc3 22. bxc3 e3 23. Qxe3 Rcg8 24. fxe6 Rxg2 25. Bd5 Rxd2 26. Qxd2 fxe6 27. Qd4+
e5 28. Qe4 Bxd5 29. Qxd5 Qc6 30. c4 Rc8 31. Rf7 Qxd5+ 32. cxd5 Rxc2 33. Rxb7
Rxa2 34. Rb6 e4 35. Rxd6 e3 36. Re6 e2 37. d6 Ra1+ 0-1

[Event "AUTO-MASTER-2481"]
[Site "http://www.queenalice.com/game.php?id=1472570"]
[Date "2017.4.9"]
[Round "2"]
[White "roberval"]
[Black "capaputi"]
[Result "1-0"]
[WhiteElo "2035"]
[BlackElo "2230"]

1. e4 e5 2. Nf3 Nf6 3. Nxe5 d6 4. Nf3 Nxe4 5. d4 d5 6. Bd3 Bb4+ 7. c3 Bd6 8.
Nbd2 O-O 9. O-O Re8 10. Qc2 f5 11. Re1 Nd7 12. Nf1 Nf8 13. Ng3 c6 14. c4 Nxg3
15. Rxe8 Qxe8 16. hxg3 Qf7 17. Bf4 Be7 18. Re1 Be6 19. Ne5 Qh5 20. c5 Re8 21.
Be2 1-0

[Event "AUTO-MASTER-2481"]
[Site "http://www.queenalice.com/game.php?id=1472571"]
[Date "2017.4.9"]
[Round "2"]
[White "capaputi"]
[Black "roberval"]
[Result "0-1"]
[WhiteElo "2221"]
[BlackElo "2059"]

1. d4 d5 2. c4 e5 3. dxe5 d4 4. Nf3 Nc6 5. e4 Nge7 6. Bg5 h6 7. Bh4 g5 8. Bg3
Bg7 9. Bd3 Ng6 10. Na3 Ncxe5 11. Nxe5 Bxe5 12. O-O Be6 13. c5 Nf4 14. Nc4 f6 15.
Rc1 c6 16. Bxf4 Bxf4 17. Rc2 Qe7 18. b4 h5 19. Re1 Bxc4 20. Rxc4 Be5 21. Be2
O-O-O 22. Bxh5 Bxh2+ 23. Kxh2 Qf7 24. Rc1 Rxh5+ 25. Kg1 Rdh8 26. Kf1 Qxa2 27.
Qc2 d3 0-1

[Event "AUTO-MASTER-2481"]
[Site "http://www.queenalice.com/game.php?id=1477589"]
[Date "2017.5.10"]
[Round "3"]
[White "roberval"]
[Black "Feijo"]
[Result "0-1"]
[WhiteElo "2065"]
[BlackElo "2129"]

1. e4 c5 2. Nf3 Nc6 3. d4 cxd4 4. Nxd4 Nf6 5. Nc3 e5 6. Nf5 d5 7. exd5 Bxf5 8.
dxc6 bxc6 9. Bg5 Be7 10. Rc1 Qxd1+ 11. Kxd1 O-O 12. Bc4 Rfd8+ 13. Ke2 Rab8 14.
Bb3 Nd5 15. Nxd5 Bxg5 16. f4 exf4 17. Nc3 f3+ 0-1

[Event "AUTO-MASTER-2481"]
[Site "http://www.queenalice.com/game.php?id=1477590"]
[Date "2017.5.10"]
[Round "3"]
[White "Feijo"]
[Black "roberval"]
[Result "1-0"]
[WhiteElo "2118"]
[BlackElo "2079"]

1. e4 e5 2. Nf3 Nc6 3. d4 exd4 4. Nxd4 Nf6 5. Nxc6 bxc6 6. Nc3 Bb4 7. Bd3 O-O 8.
O-O d5 9. exd5 cxd5 10. Bg5 c6 11. Qf3 Be7 12. h3 c5 13. Bxf6 Bxf6 14. Nxd5 Bb7
15. Nxf6+ 1-0

[Event "AUTO-MASTER-2481"]
[Site "http://www.queenalice.com/game.php?id=1477591"]
[Date "2017.5.10"]
[Round "3"]
[White "roberval"]
[Black "Michelangelo"]
[Result "0-1"]
[WhiteElo "2095"]
[BlackElo "2104"]

1. e4 e5 2. Nf3 Nf6 3. Nxe5 d6 4. Nf3 Nxe4 5. d4 d5 6. c4 Bg4 7. Qb3 Bxf3 8.
Qxb7 Bh5 9. Qxa8 Bb4+ 10. Nd2 Nxd2 11. Bxd2 Qe7+ 0-1

[Event "AUTO-MASTER-2481"]
[Site "http://www.queenalice.com/game.php?id=1477592"]
[Date "2017.5.10"]
[Round "3"]
[White "Michelangelo"]
[Black "roberval"]
[Result "1-0"]
[WhiteElo "2108"]
[BlackElo "2052"]

1. e4 c5 2. Nf3 d6 3. Bb5+ Bd7 4. Bxd7+ Qxd7 5. d4 cxd4 6. Nxd4 e6 7. Nc3 Nf6 8.
O-O Be7 9. Kh1 Nc6 10. f4 O-O 11. f5 e5 12. Nb3 Rfd8 13. Be3 d5 14. exd5 Nxd5
15. Nxd5 Qxd5 16. Qg4 1-0